Statistics for AI Generated Flags - Oceania

Click here to take the quiz!

General Stats

  • This quiz has been taken 29 times
  • The average score is 13 of 14

Answer Stats

Answer% Correct
Australia
96%
Fiji
96%
Micronesia
96%
New Zealand
96%
Palau
96%
Tuvalu
96%
Marshall Islands
92%
Kiribati
88%
Nauru
88%
Papua New Guinea
88%
Samoa
88%
Solomon Islands
88%
Tonga
88%
Vanuatu
88%

Score Distribution

Percentile by Number Answered

Percent of People with Each Score

Your Score History

You have not taken this quiz